000 01469nam a2200301Ia 4500
003 OSt
005 20200707175323.0
008 191128t2010 ck ad fr 000 0 spa d
020 _a9789588307770
040 _aCO-JMCR
_cCO-JMCR
041 0 _aspa
082 0 4 _a336.39 /
_bH185q
_223
100 1 _aHallerberg, Mark,
_eeditor
_96823
245 1 1 _a¿Quiénes deciden el presupuesto? :
_bla economía política del proceso presupuestario en América Latina /
_cMark Hallerberg, Carlos Scartascini y Ernesto Stein, editores ; traducción al castellano Rafael Suárez ; coordinación editorial María Teresa Barajas S.
250 _aPrimera edición
260 _aBogotá :
_bBanco Interamericano de Desarrollo : Mayol,
_c©2010
300 _axv, 307 páginas :
_bgráficos a blanco y negro ;
_c23 cm.
504 _aBibliografía: páginas 294-307
505 0 _aUn nuevo marco de análisis para el estudio del proceso presupuestario / Carlos Scartascini, Ernesto Stein -- ¿Quién toma las desciciones sobre el gasto público? La importancia del proceso informal de determinación del presupuesto en la Argentina
650 1 4 _aPresupuesto público
_94371
650 1 4 _aGastos públicos
_96824
650 1 4 _aProceso presupuestal
_94372
700 1 _aScartascini, Carlos,
_eeditor
_96825
700 1 _aStein, Ernest,
_eeditor
_96826
700 1 _aSuárez, Rafael,
_etraductor
_96827
700 1 _aBarajas S., María Teresa,
_ecoordinadora
_96828
942 _2ddc
_cBK
999 _c5816
_d5816